| 000 | 00995cab a2200313 4500 | ||
|---|---|---|---|
| 001 | ABS49160 | ||
| 008 | 090401t1993 xxu||||| |||| 00| 0 eng d | ||
| 035 | _a(Sirsi) u70220 | ||
| 041 | _aeng | ||
| 100 | _aBurton, M. | ||
| 245 | _aLearning to live with the EC procurement directives | ||
| 260 | _c1993 | ||
| 350 | _a0 | ||
| 490 |
_aMunicipal Journal _v6-12 August 1993, 16-17(2) |
||
| 520 | _aExamines the impact to date of the European directives on procurement. | ||
| 650 | _aEC DIRECTIVES | ||
| 650 | _aPUBLIC SERVICES CONTRACT REGULATIONS 1993 | ||
| 650 | _aDIRECTIVE 92/50/EEC | ||
| 650 | _aDIRECTIVE 93/36/EEC | ||
| 650 | _aPUBLIC SUPPLY CONTRACT REGULATIONS 1991 | ||
| 650 | _aPUBLIC WORKS CONTRACT REGULATIONS 1991 | ||
| 650 | _aDIRECTIVE 93/37/EEC | ||
| 650 | _aDIRECTIVE 89/655/EEC | ||
| 650 | _aUTILITIES DIRECTIVES | ||
| 650 | _aUTILITIES SUPPLY AND WORKS CONTRACT REGULATIONS 1993 | ||
| 690 | _aEUROPE-SINGLE MARKET | ||
| 942 | _n0 | ||
| 948 | _c04/03/1997 | ||
| 999 |
_c44169 _d44169 |
||